[Event "RUS-ch Higher League 75th"]
[Site "Obninsk"]
[Date "2022.07.04"]
[Round "8"]
[White "Belyakov, Bogdan"]
[Black "Kotenko, Pavel"]
[Result "0-1"]
[WhiteElo "2448"]
[BlackElo "2323"]
[PlyCount "90"]
[EventDate "2022.06.26"]
[EventType "swiss"]
[EventRounds "9"]
[EventCountry "RUS"]
[SourceTitle "CBM 209 Extra"]
[Source "ChessBase"]
[SourceDate "2022.09.30"]
[SourceVersion "1"]
[SourceVersionDate "2022.09.30"]
[SourceQuality "1"]

1. e4 e5 2. Nf3 Nf6 3. Nc3 Nc6 4. Bb5 Bb4 5. 0-0 0-0 6. Bxc6 dxc6 7. d3 Bd6 8. Ne2 c5 9. Ng3 Re8 10. Nd2 Be6 11. Nc4 Bxc4 12. dxc4 Nd7 13. Qg4 Nf8 14. Bg5 f6 15. Be3 Qd7 16. Nf5 Rad8 17. h4 Ne6 18. c3 Kh8 19. h5 Qf7 20. g3 Bf8 21. Kg2 Rd7 22. Rh1 Red8 23. Rh4 c6 24. Rah1 b5 25. Qg6 b4 26. cxb4 cxb4 27. b3 a5 28. Qg4 a4 29. Qe2 axb3 30. axb3 Bc5 31. Bxc5 Nxc5 32. Qe3 Qf8 33. Rg4 Rd3 34. Qe1 Ne6 35. Qb1 Rd2 36. Rf1 Qc5 37. Qa1 Nd4 38. Rd1 Rxf2+ 39. Kh3 Rg8 40. Nxd4 exd4 41. Qxd4 Qxh5+ 42. Rh4 Qe2 43. Rh1 g5 44. e5 gxh4 45. exf6 Qe6+ 0-1

[Event "RUS-ch Higher League 75th"]
[Site "Obninsk"]
[Date "2022.06.26"]
[Round "1"]
[White "Kotenko, Pavel"]
[Black "Nesterov, Arseniy"]
[Result "0-1"]
[WhiteElo "2323"]
[BlackElo "2566"]
[PlyCount "48"]
[EventDate "2022.06.26"]
[EventType "swiss"]
[EventRounds "9"]
[EventCountry "RUS"]
[SourceTitle "CBM 209 Extra"]
[Source "ChessBase"]
[SourceDate "2022.09.30"]
[SourceVersion "1"]
[SourceVersionDate "2022.09.30"]
[SourceQuality "1"]

1. e4 e5 2. Nf3 Nc6 3. Bb5 a6 4. Ba4 Nf6 5. 0-0 b5 6. Bb3 Bb7 7. c3 Nxe4 8. d4 exd4 9. Re1 d5 10. Ng5 Qd7 11. f3 h6 12. Nh3 0-0-0 13. fxe4 dxe4 14. Rxe4 Bc5 15. Nf2 Na5 16. Qh5 Nxb3 17. axb3 Qc6 18. b4 Bb6 19. Qh3+ Kb8 20. Bf4 g5 21. Be5 f6 22. Bg3 Rhe8 23. Rxe8 Rxe8 24. Kf1 Qc4+ 0-1

[Event "Rostov on Don rapid GP Stage 28th"]
[Site "Rostov on Don"]
[Date "2021.10.30"]
[Round "9"]
[White "Golovanev, Vladimir"]
[Black "Kotenko, Pavel"]
[Result "1-0"]
[WhiteElo "2086"]
[BlackElo "2316"]
[PlyCount "99"]
[EventDate "2021.10.29"]
[EventType "swiss"]
[EventRounds "11"]
[EventCountry "RUS"]
[SourceTitle "CBM 204 Extra"]
[Source "ChessBase"]
[SourceDate "2021.11.30"]
[SourceVersion "1"]
[SourceVersionDate "2021.11.30"]
[SourceQuality "1"]

1. e4 e5 2. Nf3 Nc6 3. Bb5 a6 4. Ba4 Nf6 5. d3 d6 6. 0-0 Be7 7. c3 0-0 8. Re1 b5 9. Bc2 Re8 10. Nbd2 Bf8 11. Nf1 g6 12. Ne3 Bg7 13. a4 Bb7 14. axb5 axb5 15. Bd2 Qd7 16. Qe2 h6 17. Qf1 d5 18. exd5 Nxd5 19. Nxd5 Qxd5 20. Qe2 Rad8 21. Qe4 Qd6 22. Qh4 Qe7 23. Qxe7 Rxe7 24. Be3 Red7 25. Bc5 f5 26. Bb3+ Kh7 27. d4 exd4 28. Be6 dxc3 29. Bxd7 cxb2 30. Rad1 Na5 31. Re7 Nb3 32. Bd4 Bxf3 33. Rxg7+ Kh8 34. gxf3 Nxd4 35. Re7 Nxf3+ 36. Kg2 Nd2 37. Rxd2 b1Q 38. Bxf5 Rxd2 39. Bxb1 c5 40. Bxg6 c4 41. Rc7 Rd4 42. Bf7 Rf4 43. Kg3 Rf6 44. Be8 Rf5 45. f4 Kg8 46. Kg4 Rf6 47. Bxb5 h5+ 48. Kg5 Rf8 49. Bxc4+ Kh8 50. Kg6 1-0

[Event "Rostov on Don rapid GP Stage 28th"]
[Site "Rostov on Don"]
[Date "2021.10.30"]
[Round "11"]
[White "Mogilchenko, Timofey"]
[Black "Kotenko, Pavel"]
[Result "0-1"]
[WhiteElo "1959"]
[BlackElo "2316"]
[PlyCount "68"]
[EventDate "2021.10.29"]
[EventType "swiss"]
[EventRounds "11"]
[EventCountry "RUS"]
[SourceTitle "CBM 204 Extra"]
[Source "ChessBase"]
[SourceDate "2021.11.30"]
[SourceVersion "1"]
[SourceVersionDate "2021.11.30"]
[SourceQuality "1"]

1. e4 e5 2. Nf3 Nc6 3. Bc4 Nf6 4. d3 Bc5 5. a4 d6 6. c3 a5 7. 0-0 0-0 8. Re1 Be6 9. Nbd2 Re8 10. Bb3 d5 11. Qc2 h6 12. h3 Qd7 13. exd5 Bxd5 14. Ne4 Nxe4 15. dxe4 Be6 16. Rd1 Qe7 17. Bxe6 Qxe6 18. Rd5 Bb6 19. Be3 Bxe3 20. fxe3 f6 21. Rad1 Kh7 22. Rd7 Re7 23. R7d5 Rf7 24. Qd3 b6 25. Nh4 g6 26. Rd7 Re8 27. Rxf7+ Qxf7 28. Qb5 Qe6 29. b4 Re7 30. bxa5 Nxa5 31. Qa6 Rd7 32. Rf1 Nc4 33. Qc8 Nxe3 34. Rxf6 Rd1+ 0-1

[Event "Rostov on Don rapid GP Stage 28th"]
[Site "Rostov on Don"]
[Date "2021.10.30"]
[Round "7"]
[White "Saidov, Bilukhadzh"]
[Black "Kotenko, Pavel"]
[Result "1/2-1/2"]
[WhiteElo "2301"]
[BlackElo "2316"]
[PlyCount "74"]
[EventDate "2021.10.29"]
[EventType "swiss"]
[EventRounds "11"]
[EventCountry "RUS"]
[SourceTitle "CBM 204 Extra"]
[Source "ChessBase"]
[SourceDate "2021.11.30"]
[SourceVersion "1"]
[SourceVersionDate "2021.11.30"]
[SourceQuality "1"]

1. d4 d5 2. Bf4 Nf6 3. e3 e6 4. c4 c5 5. Nc3 Nc6 6. Nf3 cxd4 7. exd4 Be7 8. Bd3 0-0 9. 0-0 dxc4 10. Bxc4 Nb4 11. Qe2 b6 12. Rac1 Bb7 13. Rfd1 Rc8 14. Ne5 Nbd5 15. Bg3 Nxc3 16. bxc3 Ne4 17. Qd3 Nxg3 18. Qxg3 Bf6 19. Bb3 Qe7 20. Re1 Bxe5 21. Rxe5 Rfd8 22. Rce1 Qc7 23. R1e3 Bd5 24. h3 Bxb3 25. axb3 Rd5 26. f4 Rxe5 27. fxe5 b5 28. b4 a5 29. bxa5 Qxa5 30. Qf3 Qc7 31. Kh1 h6 32. Qg4 Qe7 33. Rg3 Qg5 34. Qxg5 hxg5 35. Kg1 Rc4 36. Rd3 b4 37. cxb4 Rxb4 1/2-1/2

[Event "Moscow op-A 16th"]
[Site "Moscow"]
[Date "2020.02.02"]
[Round "9"]
[White "Kotenko, Pavel"]
[Black "Sargissyan, Sargis"]
[Result "0-1"]
[WhiteElo "2365"]
[BlackElo "2254"]
[PlyCount "78"]
[EventDate "2020.01.25"]
[EventType "swiss"]
[EventRounds "9"]
[EventCountry "RUS"]
[SourceTitle "CBM 194 Extra"]
[Source "ChessBase"]
[SourceDate "2020.03.31"]
[SourceVersion "1"]
[SourceVersionDate "2020.03.31"]
[SourceQuality "1"]

1. e4 e5 2. Nf3 Nc6 3. Bb5 a6 4. Ba4 Nf6 5. 0-0 Be7 6. Re1 b5 7. Bb3 d6 8. c3 0-0 9. h3 Bb7 10. d4 Re8 11. Nbd2 Bf8 12. d5 Nb8 13. Nf1 Nbd7 14. Bg5 h6 15. Bxf6 Nxf6 16. N3h2 g6 17. Ng4 Nd7 18. Nge3 h5 19. Bc2 Nf6 20. Qd3 c6 21. Bb3 c5 22. Bc2 Bc8 23. a4 Bd7 24. b4 Qb6 25. Reb1 Rec8 26. c4 cxb4 27. Rxb4 Qc5 28. Rab1 a5 29. Rxb5 Bxb5 30. cxb5 Nd7 31. g4 hxg4 32. hxg4 Bh6 33. Kg2 Qd4 34. Qe2 Nc5 35. b6 Rab8 36. Qb5 Nb7 37. Qa6 Rxc2 38. Nxc2 Qxe4+ 39. Kg1 Qxc2 0-1

[Event "Moscow op-A 16th"]
[Site "Moscow"]
[Date "2020.01.30"]
[Round "6"]
[White "Kotenko, Pavel"]
[Black "Galperin, Platon"]
[Result "0-1"]
[WhiteElo "2365"]
[BlackElo "2460"]
[PlyCount "62"]
[EventDate "2020.01.25"]
[EventType "swiss"]
[EventRounds "9"]
[EventCountry "RUS"]
[SourceTitle "CBM 194 Extra"]
[Source "ChessBase"]
[SourceDate "2020.03.31"]
[SourceVersion "1"]
[SourceVersionDate "2020.03.31"]
[SourceQuality "1"]

1. e4 c5 2. Nf3 Nc6 3. d4 cxd4 4. Nxd4 Nf6 5. Nc3 d6 6. Bg5 Bd7 7. Qd2 h6 8. Bxf6 gxf6 9. 0-0-0 Nxd4 10. Qxd4 Qa5 11. f4 Rc8 12. f5 h5 13. Kb1 Bh6 14. g3 h4 15. Nd5 Qc5 16. Qd3 Bg5 17. Be2 b5 18. Rhg1 b4 19. gxh4 Rxh4 20. e5 Kf8 21. exf6 exf6 22. h3 Ba4 23. b3 Bc6 24. c4 bxc3 25. Nxc3 Bb7 26. Kb2 Bf4 27. Rg4 Rxg4 28. hxg4 Be5 29. Rc1 Qf2 30. Rc2 Qe1 31. b4 Rxc3 0-1

[Event "Moscow op-A 16th"]
[Site "Moscow"]
[Date "2020.01.29"]
[Round "5"]
[White "Kotenko, Pavel"]
[Black "Hayrapetyan, Hovik"]
[Result "1-0"]
[WhiteElo "2365"]
[BlackElo "2458"]
[PlyCount "77"]
[EventDate "2020.01.25"]
[EventType "swiss"]
[EventRounds "9"]
[EventCountry "RUS"]
[SourceTitle "CBM 194 Extra"]
[Source "ChessBase"]
[SourceDate "2020.03.31"]
[SourceVersion "1"]
[SourceVersionDate "2020.03.31"]
[SourceQuality "1"]

1. e4 c5 2. Nf3 e6 3. d4 cxd4 4. Nxd4 a6 5. Bd3 Nf6 6. 0-0 Qc7 7. Qe2 d6 8. c4 g6 9. Nc3 Bg7 10. Nf3 Nbd7 11. Rd1 0-0 12. Bf4 Ng4 13. Rac1 Nge5 14. b3 b6 15. Bb1 Bb7 16. Ne1 Rfe8 17. Qd2 Bf8 18. Bg3 Rad8 19. Bh4 f6 20. f4 Nf7 21. Bf2 Qb8 22. Nf3 Qa8 23. Re1 Rc8 24. Rcd1 Nc5 25. Bc2 Bh6 26. b4 Nd7 27. Bb3 Nde5 28. Nxe5 dxe5 29. Bxb6 exf4 30. c5 f3 31. Qf2 Ng5 32. Rd7 fxg2 33. Qxf6 Rc6 34. Nd5 Qb8 35. Ne7+ Rxe7 36. Qxe7 Nf3+ 37. Kf2 g1Q+ 38. Rxg1 Qxh2+ 39. Rg2 1-0

[Event "Dvorkovich Memorial op"]
[Site "Taganrog"]
[Date "2019.01.11"]
[Round "2"]
[White "Kotenko, Pavel"]
[Black "Volkov, Sergey"]
[Result "0-1"]
[WhiteElo "2394"]
[BlackElo "2578"]
[PlyCount "131"]
[EventDate "2019.01.10"]
[EventType "swiss"]
[EventRounds "9"]
[EventCountry "RUS"]
[SourceTitle "CBM 188 Extra"]
[Source "ChessBase"]
[SourceDate "2019.02.26"]
[SourceVersion "1"]
[SourceVersionDate "2019.02.26"]
[SourceQuality "1"]

1. e4 e6 2. d4 d5 3. Nd2 Nf6 4. e5 Nfd7 5. f4 c5 6. c3 Nc6 7. Ndf3 Qb6 8. g3 a5 9. Kf2 a4 10. Kg2 a3 11. b3 cxd4 12. cxd4 Bb4 13. Bd2 Ndb8 14. Rc1 Bd7 15. Bd3 Na6 16. Ne2 Rc8 17. g4 f6 18. exf6 gxf6 19. g5 0-0 20. Rf1 Be7 21. gxf6 Bxf6 22. Ne5 Qd8 23. Ng3 Qc7 24. Qh5 Be8 25. Qh6 Qg7 26. f5 Qxh6 27. Bxh6 Bg7 28. Bxg7 Kxg7 29. fxe6 Rxf1 30. Kxf1 Nab4 31. Bb1 Bg6 32. Nxg6 hxg6 33. Rc5 Kf6 34. Ne2 Rf8 35. Rb5 Kxe6+ 36. Ke1 Rf7 37. Bxg6 Re7 38. Kd2 Kf6 39. Bh5 Nxa2 40. Rxd5 Nab4 41. Rc5 a2 42. Rc1 Na5 43. Rf1+ Kg5 44. Ng3 Nxb3+ 45. Kc3 a1Q+ 46. Rxa1 Nxa1 47. Kxb4 Nc2+ 48. Kc5 Rc7+ 49. Kb6 Rd7 50. Bf3 Nxd4 51. Bxb7 Kf4 52. Ne4 Ke5 53. h4 Rh7 54. Ng5 Rh6+ 55. Kc5 Nb3+ 56. Kb5 Kf4 57. Nf3 Rh8 58. Bd5 Na1 59. Kc5 Nc2 60. Bc6 Rc8 61. Kd6 Ne3 62. Bb7 Nc4+ 63. Ke6 Rc5 64. Nd4 Ra5 65. h5 Rxh5 66. Ne2+ 0-1

[Event "Dvorkovich Memorial op"]
[Site "Taganrog"]
[Date "2019.01.10"]
[Round "1"]
[White "Bashev, Fyodor"]
[Black "Kotenko, Pavel"]
[Result "0-1"]
[WhiteElo "1664"]
[BlackElo "2394"]
[PlyCount "54"]
[EventDate "2019.01.10"]
[EventType "swiss"]
[EventRounds "9"]
[EventCountry "RUS"]
[SourceTitle "CBM 188 Extra"]
[Source "ChessBase"]
[SourceDate "2019.02.26"]
[SourceVersion "1"]
[SourceVersionDate "2019.02.26"]
[SourceQuality "1"]

1. c4 e5 2. Nc3 Nf6 3. g3 d5 4. cxd5 Nxd5 5. Bg2 Nb6 6. Nf3 Nc6 7. d3 Be7 8. Be3 0-0 9. 0-0 Bg4 10. Nd2 f5 11. Nb3 f4 12. Bxb6 axb6 13. Ne4 Qe8 14. Qc2 Qh5 15. Rfe1 Kh8 16. a3 Rf7 17. Rad1 Rd8 18. Rd2 Be6 19. Red1 Rff8 20. gxf4 Bxb3 21. Qxb3 Nd4 22. Qc4 Nxe2+ 23. Kh1 exf4 24. Qxc7 f3 25. Qxe7 fxg2+ 26. Kxg2 Nf4+ 27. Kg1 Qf3 0-1

[Event "Dvorkovich Memorial op"]
[Site "Taganrog"]
[Date "2018.01.16"]
[Round "2"]
[White "Kotenko, Pavel"]
[Black "Kokarev, Dmitry"]
[Result "0-1"]
[WhiteElo "2403"]
[BlackElo "2616"]
[PlyCount "88"]
[EventDate "2018.01.15"]
[EventType "swiss"]
[EventRounds "9"]
[EventCountry "RUS"]
[SourceTitle "CBM 182 Extra"]
[Source "ChessBase"]
[SourceDate "2018.02.23"]
[SourceVersion "1"]
[SourceVersionDate "2018.02.23"]
[SourceQuality "1"]

1. e4 c5 2. Nf3 d6 3. d4 Nf6 4. Nc3 cxd4 5. Nxd4 a6 6. Be3 Ng4 7. Bg5 h6 8. Bh4 g5 9. Bg3 Bg7 10. h3 Ne5 11. Nf5 Bxf5 12. exf5 Nbd7 13. Be2 Rc8 14. 0-0 0-0 15. Nd5 Nf6 16. Bxe5 dxe5 17. Nxf6+ Bxf6 18. Qxd8 Rfxd8 19. Bd3 h5 20. g4 hxg4 21. hxg4 e4 22. Bxe4 Rc4 23. f3 Bxb2 24. Rad1 Bd4+ 25. Kg2 Rd6 26. Rd2 b5 27. Rfd1 Kg7 28. Bb7 Be5 29. Bd5 Rc3 30. Bb3 a5 31. Rxd6 Bxd6 32. a4 bxa4 33. Bxa4 Re3 34. Rd5 Bb4 35. Bb3 Kf6 36. Rb5 Re2+ 37. Kf1 Re1+ 38. Kg2 Rd1 39. Rb6+ Ke5 40. Bxf7 Rd2+ 41. Kf1 Kf4 42. c4 Kg3 43. Rc6 Rf2+ 44. Kg1 Bc3 0-1

[Event "Dvorkovich Memorial op"]
[Site "Taganrog"]
[Date "2018.01.15"]
[Round "1"]
[White "Murzina, Agata"]
[Black "Kotenko, Pavel"]
[Result "0-1"]
[WhiteElo "1685"]
[BlackElo "2403"]
[PlyCount "112"]
[EventDate "2018.01.15"]
[EventType "swiss"]
[EventRounds "9"]
[EventCountry "RUS"]
[SourceTitle "CBM 182 Extra"]
[Source "ChessBase"]
[SourceDate "2018.02.23"]
[SourceVersion "1"]
[SourceVersionDate "2018.02.23"]
[SourceQuality "1"]

1. e4 e5 2. Nf3 Nc6 3. Nc3 Nf6 4. Bb5 Bb4 5. d3 d6 6. Bg5 0-0 7. 0-0 Bxc3 8. bxc3 Qe7 9. Re1 Nd8 10. d4 Ne6 11. Bh4 Nf4 12. Bf1 Ng6 13. Bxf6 Qxf6 14. g3 Re8 15. Bg2 b6 16. a4 a5 17. d5 Nf8 18. Nd2 g6 19. Bf1 Nd7 20. Bb5 Rf8 21. Bc6 Rb8 22. Nb3 Qe7 23. Qd3 Nf6 24. Kg2 Nh5 25. Qd2 Kg7 26. c4 Ba6 27. Bb5 Bb7 28. Rf1 f5 29. f3 Rf7 30. Rf2 Rbf8 31. Raf1 Bc8 32. c3 h6 33. Nc1 Nf6 34. Qe2 Nh7 35. Nd3 Ng5 36. h4 fxe4 37. hxg5 exf3+ 38. Rxf3 Rxf3 39. gxh6+ Kh7 40. Rxf3 Bg4 41. Ne1 e4 42. Kg1 Bxf3 43. Nxf3 Rxf3 44. Kg2 Qe5 45. Qe1 Rxc3 46. g4 Rc2+ 47. Qf2 Rxf2+ 48. Kxf2 Qc3 49. g5 Qf3+ 50. Kg1 e3 51. c5 bxc5 52. Bf1 Qf2+ 53. Kh1 Qxf1+ 54. Kh2 e2 55. Kg3 e1Q+ 56. Kh2 Qef2# 0-1

[Event "Dvorkovich Memorial rapid op"]
[Site "Taganrog"]
[Date "2018.01.14"]
[Round "10"]
[White "Kotenko, Pavel"]
[Black "Pshmahov, Osman"]
[Result "1-0"]
[WhiteElo "2403"]
[BlackElo "2103"]
[PlyCount "113"]
[EventDate "2018.01.13"]
[EventType "swiss (rapid)"]
[EventRounds "11"]
[EventCountry "RUS"]
[SourceTitle "CBM 182 Extra"]
[Source "ChessBase"]
[SourceDate "2018.02.23"]
[SourceVersion "1"]
[SourceVersionDate "2018.02.23"]
[SourceQuality "1"]

1. e4 e6 2. d4 d5 3. Nc3 Nf6 4. e5 Nfd7 5. f4 c5 6. Nf3 Nc6 7. Be3 c4 8. f5 exf5 9. Nxd5 Qa5+ 10. Nc3 Bb4 11. Be2 Nb6 12. 0-0 Bxc3 13. bxc3 Be6 14. Bd2 0-0-0 15. Ng5 h6 16. Nxe6 fxe6 17. a4 g5 18. Rf2 g4 19. Bf1 Ne7 20. Qb1 Ned5 21. Qb5 Qxb5 22. axb5 Kb8 23. g3 Nc7 24. Bg2 Nxb5 25. Rff1 Nc7 26. Rfb1 Ncd5 27. Ra3 Rd7 28. Kf2 h5 29. Bg5 Rg8 30. Bd2 Rf7 31. Rba1 a6 32. Rb1 Ka7 33. Ra2 Rgf8 34. Kg1 h4 35. Bf1 Rh8 36. Bg2 Rfh7 37. Kf2 hxg3+ 38. hxg3 Rf8 39. Kg1 Rff7 40. Bh1 Rh3 41. Be1 f4 42. Bg2 Rxg3 43. Bxg3 Nxc3 44. Rxb6 Nxa2 45. Rxe6 fxg3 46. Rf6 Re7 47. e6 Nc3 48. d5 Ne2+ 49. Kf1 Nd4 50. Rf7 Re8 51. d6 Rxe6 52. Rxb7+ Ka8 53. d7 Rf6+ 54. Ke1 Nxc2+ 55. Kd2 Rf2+ 56. Kc3 Rxg2 57. Rc7 1-0

[Event "Dvorkovich Memorial op"]
[Site "Taganrog"]
[Date "2016.01.22"]
[Round "5.20"]
[White "Kotenko, Pavel"]
[Black "Aivazian, Grigory"]
[Result "1-0"]
[WhiteElo "2364"]
[BlackElo "2223"]
[PlyCount "57"]
[EventDate "2016.01.18"]
[EventType "swiss"]
[EventRounds "9"]
[EventCountry "RUS"]
[SourceTitle "EXT 2018"]
[Source "ChessBase"]
[SourceDate "2017.10.13"]
[SourceVersion "1"]
[SourceVersionDate "2017.10.13"]
[SourceQuality "1"]

1. e4 c5 2. Nf3 d6 3. d4 cxd4 4. Nxd4 Nf6 5. Nc3 a6 6. Bg5 Nbd7 7. Bc4 Qb6 8. Bb3 e6 9. Qd2 Be7 10. 0-0-0 Nc5 11. Rhe1 0-0 12. f4 Qc7 13. e5 dxe5 14. fxe5 Ne8 15. Ne4 Nxe4 16. Rxe4 b5 17. Kb1 Bb7 18. Rg4 Kh8 19. c3 Rd8 20. Bc2 f5 21. exf6 Nxf6 22. Rh4 e5 23. Bxf6 Bxf6 24. Rxh7+ Kg8 25. Qd3 e4 26. Qh3 Qe5 27. Bb3+ Bd5 28. Nc6 Bxb3 29. Rh8+ 1-0

[Event "Dvorkovich Memorial op"]
[Site "Taganrog"]
[Date "2016.01.19"]
[Round "2.2"]
[White "Volkov, Sergey"]
[Black "Kotenko, Pavel"]
[Result "1-0"]
[WhiteElo "2601"]
[BlackElo "2364"]
[PlyCount "211"]
[EventDate "2016.01.18"]
[EventType "swiss"]
[EventRounds "9"]
[EventCountry "RUS"]
[SourceTitle "EXT 2018"]
[Source "ChessBase"]
[SourceDate "2017.10.13"]
[SourceVersion "1"]
[SourceVersionDate "2017.10.13"]
[SourceQuality "1"]

1. d4 d5 2. c4 e6 3. Nc3 Nf6 4. cxd5 exd5 5. Bg5 Nbd7 6. e3 c6 7. Qc2 Be7 8. Nf3 Nh5 9. h4 Nb6 10. Bd3 g6 11. 0-0-0 Bg4 12. Rdg1 Bxf3 13. gxf3 Qd7 14. f4 0-0-0 15. f5 Kb8 16. Kb1 Rde8 17. Be2 Nf6 18. h5 gxf5 19. Bf4+ Bd6 20. Bxd6+ Qxd6 21. Qxf5 Rhg8 22. h6 Rg6 23. Bd3 Reg8 24. Rd1 Nbd7 25. Qf3 Rg5 26. Ne2 Qe6 27. Qf4+ Ka8 28. Ng3 Nf8 29. Bf5 Qe7 30. a3 a6 31. Ka1 Ka7 32. Rc1 Ne8 33. Bd3 Qf6 34. Qxf6 Nxf6 35. Nf5 Rg2 36. f3 Rf2 37. Rcf1 Rgg2 38. Rxf2 Rxf2 39. Rh3 Ne6 40. Nd6 c5 41. dxc5 Nxc5 42. Bf5 d4 43. exd4 Nb3+ 44. Ka2 Nxd4 45. Be4 Nxe4 46. fxe4 Kb6 47. Rd3 Ne2 48. Kb1 Kc6 49. Nf5 Kc7 50. a4 Rf4 51. Re3 Rf2 52. Ka2 Kd7 53. Ka3 Ng1 54. b3 Rf3 55. Re1 Nh3 56. Rd1+ Kc7 57. a5 Ng5 58. Nd6 Kc6 59. e5 Ne6 60. Nxf7 Rxf7 61. Rd6+ Kc5 62. Rxe6 Kd5 63. Re8 Kc6 64. Kb4 Rf4+ 65. Kc3 Rh4 66. Re6+ Kd5 67. Rb6 Kxe5 68. Rxb7 Rxh6 69. Kb4 Kd5 70. Ka3 Kc5 71. b4+ Kc4 72. Ka4 Rh1 73. Rc7+ Kd5 74. Rc8 Rh2 75. Rc5+ Kd6 76. Rc8 Kd5 77. Rb8 Rh6 78. Rb7 Kc6 79. Ra7 Kd5 80. Rb7 Kc4 81. Rf7 Kd5 82. Rc7 Rh1 83. Rc5+ Kd6 84. Rc8 Kd5 85. Rc7 Rh2 86. Rc1 Rh3 87. Rc5+ Kd6 88. Rc4 Rh1 89. Rc8 Kd5 90. Rf8 Rh6 91. Rc8 Rh1 92. Rc7 Rh2 93. Rc1 Rh3 94. Rc5+ Kd6 95. Rc8 Kd5 96. Rd8+ Kc4 97. Rd6 h5 98. Rc6+ Kd5 99. Rxa6 h4 100. Kb5 Rh1 101. Rh6 h3 102. a6 h2 103. a7 Ra1 104. Rxh2 Rxa7 105. Rd2+ Ke6 106. Kb6 1-0

[Event "Moscow op-A"]
[Site "Moscow"]
[Date "2015.02.04"]
[Round "5"]
[White "Kotenko, Pavel"]
[Black "Yilmazyerli, Mert"]
[Result "1/2-1/2"]
[WhiteElo "2359"]
[BlackElo "2465"]
[PlyCount "50"]
[EventDate "2015.01.31"]
[EventType "swiss"]
[EventRounds "9"]
[EventCountry "RUS"]
[SourceTitle "CBM 164 Extra"]
[Source "ChessBase"]
[SourceDate "2015.03.02"]
[SourceVersion "1"]
[SourceVersionDate "2015.03.02"]
[SourceQuality "1"]

1. e4 g6 2. d4 Bg7 3. Nc3 d6 4. f4 Nf6 5. Bd3 0-0 6. Nf3 Nc6 7. Be3 e5 8. fxe5 dxe5 9. d5 Nd4 10. Nxe5 Nxd5 11. Bxd4 Nf4 12. Ne2 Nxe2 13. Bxe2 Qe7 14. Nxg6 fxg6 15. Bxg7 Qh4+ 16. g3 Qxe4 17. Qd4 Re8 18. 0-0 Qxd4+ 19. Bxd4 Rxe2 20. Rae1 Rxe1 21. Rxe1 Kf7 22. Kf2 Be6 23. Kg1 Bc8 24. Kf2 Be6 25. Kg1 Bc8 1/2-1/2

[Event "Moscow op-A"]
[Site "Moscow"]
[Date "2015.02.03"]
[Round "4"]
[White "Galaktionov, Artem"]
[Black "Kotenko, Pavel"]
[Result "0-1"]
[WhiteElo "2081"]
[BlackElo "2359"]
[PlyCount "98"]
[EventDate "2015.01.31"]
[EventType "swiss"]
[EventRounds "9"]
[EventCountry "RUS"]
[SourceTitle "CBM 164 Extra"]
[Source "ChessBase"]
[SourceDate "2015.03.02"]
[SourceVersion "1"]
[SourceVersionDate "2015.03.02"]
[SourceQuality "1"]

1. d4 Nf6 2. Nf3 g6 3. c4 Bg7 4. Nc3 0-0 5. e4 d6 6. Be2 e5 7. 0-0 Nc6 8. d5 Ne7 9. Ne1 Nd7 10. f3 f5 11. g4 Nf6 12. Nd3 c6 13. Be3 Kh8 14. h3 Bd7 15. Qb3 cxd5 16. cxd5 b5 17. Nf2 f4 18. Bd2 Rb8 19. a3 Ne8 20. Kg2 Bf6 21. Qc2 a5 22. a4 b4 23. Nb5 Rc8 24. Qb3 Qb6 25. Rac1 Nc7 26. Na3 Ne8 27. Nc4 Qa7 28. Nd3 Bh4 29. Qa2 g5 30. Nf2 Kg7 31. b3 Rh8 32. Qb2 Ng6 33. Nh1 h5 34. Rg1 hxg4 35. hxg4 Rc7 36. Kf1 Kf6 37. Bd3 Bc8 38. Ke2 Bg3 39. Rcf1 Rh2+ 40. Kd1 Bh4 41. Qa1 Ba6 42. Be2 Rxe2 43. Kxe2 Rxc4 44. bxc4 Bxc4+ 45. Kd1 Bb3+ 46. Kc1 Qc5+ 47. Bc3 bxc3 48. Rg2 Qe3+ 49. Kb1 Qd3+ 0-1

[Event "Dvorkovich Memorial op-A 9th"]
[Site "Taganrog"]
[Date "2014.08.03"]
[Round "2"]
[White "Kotenko, Pavel"]
[Black "Dmitrenko, Viktor"]
[Result "0-1"]
[WhiteElo "2344"]
[BlackElo "2351"]
[PlyCount "80"]
[EventDate "2014.08.02"]
[EventType "swiss"]
[EventRounds "10"]
[EventCountry "RUS"]
[SourceTitle "CBM 162 Extra"]
[Source "ChessBase"]
[SourceDate "2014.10.17"]
[SourceVersion "1"]
[SourceVersionDate "2014.10.17"]
[SourceQuality "1"]

1. e4 c6 2. d4 d5 3. Nc3 dxe4 4. Nxe4 Nd7 5. Nf3 Ngf6 6. Ng3 e6 7. Bd3 c5 8. 0-0 Be7 9. Re1 0-0 10. b3 b6 11. Bb2 Bb7 12. c4 Re8 13. Qe2 Qc7 14. Rad1 Rad8 15. Bb1 Bf8 16. a3 Qf4 17. Qe3 Qxe3 18. fxe3 a6 19. Ng5 b5 20. dxc5 h6 21. cxb5 axb5 22. N5e4 Nxe4 23. Bxe4 Nxc5 24. Bxb7 Nxb7 25. Ne2 Na5 26. Nc1 Rxd1 27. Rxd1 Rc8 28. Rd2 g5 29. Kf1 Bg7 30. Nd3 Nxb3 31. Re2 Rd8 32. Bxg7 Kxg7 33. Nb4 Na5 34. Rc2 Nc4 35. Rc3 Rd2 36. Kg1 Rb2 37. Nc2 Nd2 38. Rc7 Nc4 39. Nd4 Nxe3 40. Nxe6+ Kf6 0-1

[Event "Dvorkovich Memorial op"]
[Site "Taganrog"]
[Date "2014.01.25"]
[Round "8"]
[White "Kotenko, Pavel"]
[Black "Rjabzev, Konstantin"]
[Result "1-0"]
[WhiteElo "2353"]
[BlackElo "2304"]
[PlyCount "111"]
[EventDate "2014.01.18"]
[EventType "swiss"]
[EventRounds "9"]
[EventCountry "RUS"]
[SourceTitle "CBM 158 Extra"]
[Source "ChessBase"]
[SourceDate "2014.02.28"]
[SourceVersion "1"]
[SourceVersionDate "2014.02.28"]
[SourceQuality "1"]

1. e4 c5 2. Nf3 e6 3. d4 cxd4 4. Nxd4 Nc6 5. Nb5 d6 6. Bf4 e5 7. Be3 Nf6 8. Bg5 a6 9. N5c3 Be7 10. Bxf6 Bxf6 11. Nd2 0-0 12. Nc4 Nd4 13. Nd5 Be6 14. Nce3 Bg5 15. c3 Bxe3 16. Nxe3 Nc6 17. Bd3 Ne7 18. Qc2 g6 19. Rd1 Qa5 20. a4 b5 21. axb5 axb5 22. 0-0 b4 23. Bc4 Bxc4 24. Nxc4 Qc5 25. Nxd6 bxc3 26. Qxc3 Qxc3 27. bxc3 Ra3 28. c4 Nc6 29. c5 Rb8 30. h3 Ra5 31. Rc1 Kf8 32. Rfd1 Ke7 33. Rd5 Rba8 34. Nc4 Ra1 35. Rxa1 Rxa1+ 36. Kh2 f6 37. Nb6 Nd4 38. Rd7+ Ke6 39. Rxh7 Rc1 40. Nd5 Rxc5 41. Re7+ Kd6 42. Rg7 f5 43. Rxg6+ Kd7 44. Nf6+ Ke7 45. exf5 Nxf5 46. Ne4 Rd5 47. g4 Nh4 48. Rg7+ Kf8 49. Ra7 Rd3 50. Nc5 Nf3+ 51. Kg3 Rc3 52. Nd7+ Kg8 53. Nf6+ Kf8 54. Nd5 Rd3 55. Ne3 Nd2 56. h4 1-0